00330nam a2200133Ia 45000030006000000080041000060400015000471000019000622450067000812500010001482600009001585460012001670050017001790STCL150530s9999 xx 000 0 und d aSTCLcSTCL aJohn Lewis, P. aQuiet crisis in India economic development and American policy aFirst c1965 aEnglish20220125165502.0